书目信息 |
| 题名: |
工业硅化学分析方法第2部分:铝含量的测定铬天青-S分光光度法
|
|
| 作者: | ;中华人民共和国国家质量监督检验检疫总局 , 中国国家标准化管理委员会 发布 | |
| 分册: | ||
| 出版信息: | 北京 中国标准出版社出版发行 2008.02 |
|
| 页数: | 2页 | |
| 开本: | 30cm | |
| 丛书名: | 中华人民共和国国家标准 | |
| 单 册: | ||
| 中图分类: | TG166.3-65 | |
| 科图分类: | ||
| 主题词: | 铝--lv--标准--中国 | |
| 电子资源: | ||
| ISBN: | ||
| 000 | 01700nam0 2200313 450 | |
| 001 | 357324 | |
| 005 | 20230530075428.72 | |
| 091 | @a155066·1-30581@dCNY10.00 | |
| 094 | @aGB/T 14849.2-2007 代替 GB/T 14849.2-1993 | |
| 100 | @a20071009d2008 em y0chiy0121 ea | |
| 101 | 0 | @achi |
| 102 | @aCN@b110000 | |
| 105 | @ay z 000yy | |
| 106 | @ar | |
| 200 | 1 | @a工业硅化学分析方法第2部分:铝含量的测定铬天青-S分光光度法@Agong ye gui hua xue fen xi fang fa di 2 bu fen:lu han liang de ce ding ge tian qing-S fen guang guang du fa@d= Methods for chemical analysis of silicon metal-Part 2:Determination of aluminum content-Chrome azurol S spectrophotometric method@f中华人民共和国国家质量监督检验检疫总局, 中国国家标准化管理委员会发布@zeng |
| 210 | @a北京@c中国标准出版社出版发行@d2008.02 | |
| 215 | @a2页@d30cm | |
| 225 | 2 | @a中华人民共和国国家标准 |
| 300 | @a2007-10-25发布 2008-04-01实施 | |
| 330 | @a本部分规定了工业硅中铝含量的测定方法。 | |
| 410 | 0 | @12001 @a中华人民共和国国家标准 |
| 510 | 1 | @aMethods for chemical analysis of silicon metal-Part 2:Determination of aluminum content-Chrome azurol S spectrophotometric method@zeng |
| 517 | 1 | @a工业硅化学分析方法第2部分:铝含量的测定铬天青-S分光光度法@Agong ye gui hua xue fen xi fang fa di 2 bu fen:lv han liang de ce ding ge tian qing -S fen guang guang du fa |
| 606 | 0 | @a铝@Alv@x标准@y中国 |
| 690 | @aTG166.3-65@v4 | |
| 711 | 02 | @a中华人民共和国国家质量监督检验检疫总局@Azhong hua ren min gong he guo guo jia zhi liang jian du jian yan jian yi zong ju@4发布 |
| 711 | 02 | @a中国国家标准化管理委员会@Azhong guo guo jia biao zhun hua guan li wei yuan hui@4发布 |
| 801 | 0 | @aCN@b@c20071009 |
| 905 | @b674138-40@dTG166.3-65@eG936@f3 | |
| 工业硅化学分析方法第2部分:铝含量的测定铬天青-S分光光度法= Methods for chemical analysis of silicon metal-Part 2:Determination of aluminum content-Chrome azurol S spectrophotometric method/中华人民共和国国家质量监督检验检疫总局, 中国国家标准化管理委员会发布.-北京:中国标准出版社出版发行,2008.02 |
| 2页;30cm.-(中华人民共和国国家标准) |
| 2007-10-25发布 2008-04-01实施 |
| ISBN : |
| 本部分规定了工业硅中铝含量的测定方法。 |
| ● |
| 相关链接 |
|
|
|
正题名:工业硅化学分析方法第2部分:铝含量的测定铬
索取号:TG166.3-65/G936
 
预约/预借
| 序号 | 登录号 | 条形码 | 馆藏地/架位号 | 状态 | 备注 |
| 1 | 674138 | 206741383 | 自科库501/501自科库 25排2列2层/ [索取号:TG166.3-65/G936] | 在馆 | |
| 2 | 674139 | 206741392 | 自科库501/501自科库 25排2列2层/ [索取号:TG166.3-65/G936] | 在馆 | |
| 3 | 674140 | 206741409 | 自科库501/501自科库 25排2列2层/ [索取号:TG166.3-65/G936] | 在馆 |